All Copa del Rey Winners - Statistics

General Stats
  • This quiz has been taken 83 times
    82 since last reset
  • The average score is 108 of 120
Answer Stats
Hint Answer % Correct
1911-1912 | 1919-1920 | 1921-1922 | +26 others Fc Barcelona
100%
1909-1910 Fc Barcelona | Athletic Bilbao
100%
1904-1905 | 1905-1906 | 1906-1907 | +17 others Real Madrid
100%
1959-1960 | 1960-1961 | 1964-1965 | +7 others Atletico Madrid
97%
1902-1903 | 1903-1904 | 1910-1911 | +20 others Athletic Bilbao
95%
1976-1977 | 2004-2005 | 2021-2022 Real Betis
94%
1934-1935 | 1938-1939 | 1947-1948 | +2 others Sevilla
92%
1940-1941 | 1948-1949 | 1953-1954 | +5 others Valencia
92%
1986-1987 | 2019-2020 Real Sociedad
86%
1994-1995 | 2001-2002 Deportivo La Coruña
83%
1928-1929 | 1939-1940 | 1999-2000 | 2005-2006 Espanyol
70%
2002-2003 Mallorca
60%
1963-1964 | 1965-1966 | 1985-1986 | +3 others Zaragoza
59%
1917-1918 | 1923-1924 | 1926-1927 Real Unión
24%
1918-1917 Arenas
17%
1908-1909 Club Ciclista
5%
1912-1913 Racing de Irún
3%
No matching quizzes found
Score Distribution
Percent of People with Each Score
Percentile by Number Answered
Your Score History
You have not taken this quiz since the last reset